书目信息 |
| 题名: |
土木工程结构抗风设计
|
|
| 作者: | 夏逸鸣 , 张丽芳 , 吴瑾 编 | |
| 分册: | ||
| 出版信息: | 北京 科学出版社 2007.01 |
|
| 页数: | 158页 | |
| 开本: | 26cm | |
| 丛书名: | ||
| 单 册: | ||
| 中图分类: | TU352.2 | |
| 科图分类: | ||
| 主题词: | 土木工程--tu mu gong cheng--抗风结构--结构设计 | |
| 电子资源: | ||
| ISBN: | 978-7-03-018161-9 | |
| 000 | 00914nam0 2200253 450 | |
| 001 | 012007940584 | |
| 005 | 20070927101658.54 | |
| 010 | @a978-7-03-018161-9@dCNY18.00 | |
| 100 | @a20070724d2007 km y0chiy0120 ea | |
| 101 | 0 | @achi |
| 102 | @aCN@b110000 | |
| 105 | @aa a 000yy | |
| 200 | 1 | @a土木工程结构抗风设计@Atu mu gong cheng jie gou kang feng she ji@f吴瑾, 夏逸鸣, 张丽芳编@Fwu jin,xia yi ming,zhang li fang bian |
| 210 | @a北京@c科学出版社@d2007.01 | |
| 215 | @a158页@c图@d26cm | |
| 320 | @a有书目 (第158页)。 | |
| 330 | @a本书共分八章,主要内容有绪论、结构上的静力风、结构上的脉动风、高层建筑结构抗风设计、高耸结构抗风设计、大型屋盖机构抗风设计等。 | |
| 606 | 0 | @a土木工程@Atu mu gong cheng@x抗风结构@x结构设计 |
| 690 | @aTU352.2@v4 | |
| 701 | 0 | @a夏逸鸣@Axia yi ming@4编 |
| 701 | 0 | @a张丽芳@Azhang li fang@4编 |
| 701 | 0 | @a吴瑾@Awu jin@4编 |
| 801 | 0 | @aCN@c20070927 |
| 905 | @dTU352.2@eW805 | |
| 土木工程结构抗风设计/吴瑾, 夏逸鸣, 张丽芳编.-北京:科学出版社,2007.01 |
| 158页:图;26cm |
| ISBN 978-7-03-018161-9:CNY18.00 |
| 本书共分八章,主要内容有绪论、结构上的静力风、结构上的脉动风、高层建筑结构抗风设计、高耸结构抗风设计、大型屋盖机构抗风设计等。 |
| ● |
| 相关链接 |
|
|
|
正题名:土木工程结构抗风设计
索取号:TU352.2/W805
 
预约/预借
| 序号 | 登录号 | 条形码 | 馆藏地/架位号 | 状态 | 备注 |
| 1 | 246412 | 202464127 | 土木与交通工程学院资料室/土木与交通学院资料室 1排1列1层/ [索取号:TU352.2/W805] | 在馆 | |
| 2 | 246413 | 202464136 | 建筑库101/101建筑库 83排3列3层/ [索取号:TU352.2/W805] | 在馆 | |
| 3 | 246414 | 202464145 | 土木与交通工程学院资料室/土木与交通学院资料室 1排1列1层/ [索取号:TU352.2/W805] | 在馆 |